Personal finance: (Record no. 1302)
[ view plain ]
| 000 -LEADER | |
|---|---|
| fixed length control field | 00510nam a22001697a 4500 |
| 008 - FIXED-LENGTH DATA ELEMENTS--GENERAL INFORMATION | |
| fixed length control field | 151015b xxu||||| |||| 00| 0 eng d |
| 020 ## - INTERNATIONAL STANDARD BOOK NUMBER | |
| International Standard Book Number | 9780547084336 |
| 020 ## - INTERNATIONAL STANDARD BOOK NUMBER | |
| International Standard Book Number | 0547084331 |
| 041 0# - LANGUAGE CODE | |
| Language code of text/sound track or separate title | eng |
| 080 ## - UNIVERSAL DECIMAL CLASSIFICATION NUMBER | |
| Universal Decimal Classification number | 336 |
| 245 10 - TITLE STATEMENT | |
| Title | Personal finance: |
| Statement of responsibility, etc | Thomas Garman; Raymond E. Frogue |
| 250 ## - | |
| -- | 9th ed. |
| 260 ## - | |
| -- | USA: |
| -- | Houghton Mifflin Company; |
| -- | 2008. |
| 300 ## - | |
| -- | 1 v. various pagings |
| -- | me il.; |
| -- | 24 cm. |
| 650 #0 - | |
| -- | Financë personale |
| 942 ## - ADDED ENTRY ELEMENTS (KOHA) | |
| Source of classification or shelving scheme | |
| Item type | Books |
No items available.